000 00973cam a2200277 a 4500
999 _c20458
_d20458
001 2912875
005 20170119094746.0
008 891021t19891988nyua bc 000 0 eng
010 _a 88063407
020 _a0847810224
041 1 _aengita
050 0 0 _aN6923.P5A4 1989
100 1 _aCelant, Germano.
245 1 0 _aPistoletto /
_cGermano Celant ; [English translation, Joachim Neugroschel].
260 _aNew York :
_bRizzoli,
_c1989, c1988.
300 _a228 p. :
_bill. (some col.) ;
_c32 cm.
504 _aIncludes bibliographical references.
600 1 0 _aPistoletto, Michelangelo,
_d1933-
_xCatalogs.
600 1 0 _aPistoletto, Michelangelo,
_d1933-
_xCriticism and interpretation.
700 1 _aPistoletto, Michelangelo,
_d1933-
942 _2lcc
_cBOOKS
_hN6923.P5A4 1989